| 000 | 01013nam a22002057a 4500 | ||
|---|---|---|---|
| 005 | 20111201141541.0 | ||
| 008 | 111201s198? wau|||||r| 000 0dara | ||
| 082 |
_222 _a210.61 _bد ل ى |
||
| 100 |
_927965 _aابو سليمان، عبد الحميد احمد |
||
| 245 |
_aدليل مكتبة الأسرة المسلمة / _cخطة واشراف عبد الحميد احمد ابو سليمان. |
||
| 260 |
_aواشنطن : _bالمعهد العالمي للفكر الاسلامي، _c[19--] |
||
| 300 |
_a654 ص. ؛ _c24 سم. |
||
| 500 | _aيشمل على كشاف. | ||
| 650 |
_927966 _aالاسلام _vببليوجرافيات |
||
| 650 |
_927967 _aالثقافة العربية _vببليوجرافيات |
||
| 653 |
_bAra _cDecember2011 |
||
| 700 |
_927965 _aابو سليمان، عبد الحميد احمد |
||
| 942 |
_2ddc _cBB |
||
| 999 |
_c16284 _d16284 |
||